Microsoft QuickBASIC : (Record no. 3123)

MARC details
000 -LEADER
fixed length control field 00951cam a2200277 a 4500
001 - CONTROL NUMBER
control field 4800539
003 - CONTROL NUMBER IDENTIFIER
control field MUT
005 - DATE AND TIME OF LATEST TRANSACTION
control field 20240606080908.0
008 - FIXED-LENGTH DATA ELEMENTS--GENERAL INFORMATION
fixed length control field 880218s1988 waua 001 0 eng
010 ## - LIBRARY OF CONGRESS CONTROL NUMBER
LC control number 88005162
020 ## - INTERNATIONAL STANDARD BOOK NUMBER
International Standard Book Number 155615125X (pbk.) :
Terms of availability $19.95
040 ## - CATALOGING SOURCE
Original cataloging agency DLC
Transcribing agency DLC
Modifying agency DLC
050 00 - LIBRARY OF CONGRESS CALL NUMBER
Classification number QA76.73.B3
Item number H48 1988
082 00 - DEWEY DECIMAL CLASSIFICATION NUMBER
Classification number 005.13/3
Edition information 19
100 1# - MAIN ENTRY--PERSONAL NAME
Personal name Hergert, Douglas.
245 10 - TITLE STATEMENT
Title Microsoft QuickBASIC :
Remainder of title developing structured programs in the Microsoft QuickBASIC programming environment /
250 ## - EDITION STATEMENT
Edition statement 2nd ed.
260 ## - PUBLICATION, DISTRIBUTION, ETC.
Place of publication, distribution, etc. Redmond, Wash. :
Name of publisher, distributor, etc. Microsoft Press ;
Place of publication, distribution, etc. [New York] :
Name of publisher, distributor, etc. Distributed in the United States by Harper and Row,
Date of publication, distribution, etc. 1988.
300 ## - PHYSICAL DESCRIPTION
Extent x, 449 p. :
Other physical details ill. ;
Dimensions 24 cm.
500 ## - GENERAL NOTE
General note Includes index.
630 00 - SUBJECT ADDED ENTRY--UNIFORM TITLE
Uniform title Microsoft QuickBASIC.
650 #0 - SUBJECT ADDED ENTRY--TOPICAL TERM
Topical term or geographic name entry element BASIC (Computer program language)
740 0# - ADDED ENTRY--UNCONTROLLED RELATED/ANALYTICAL TITLE
Uncontrolled related/analytical title Microsoft Quick BASIC.
906 ## - LOCAL DATA ELEMENT F, LDF (RLIN)
a 7
b cbc
c orignew
d 1
e ocip
f 19
g y-gencatlg
942 ## - ADDED ENTRY ELEMENTS (KOHA)
Source of classification or shelving scheme Library of Congress Classification
Koha item type Books
Holdings
Withdrawn status Lost status Source of classification or shelving scheme Damaged status Not for loan Home library Current library Date acquired Total checkouts Full call number Barcode Date last seen Price effective from Koha item type
    Library of Congress Classification     Murang'a University of Technology Library Murang'a University of Technology Library 05/01/2017   QA76.73.B3 H48 1988 003346 30/08/2024 05/01/2017 Books